000 00316nam a22001337a 4500
008 180921b xxu||||| |||| 00| 0 eng d
020 _a9781580403108
041 _aeng
080 _26 ed
_a610
100 _a3
101 _ashm
245 _aMedical Mnagement Type 2 Diabetes
_cBurant.ch.f
942 _2udc
_cBK
999 _c48166
_d48166